Shikar y safari (Record no. 98290)
[ view plain ]
| 000 -LEADER | |
|---|---|
| campo de control de longitud fija | 00550nam a2200169 i 4500 |
| 001 - NÚMERO DE CONTROL | |
| campo de control | 98290 |
| 003 - IDENTIFICADOR DE NÚMERO DE CONTROL | |
| campo de control | ES-MaACL |
| 005 - FECHA Y HORA DE LA ÚLTIMA TRANSACCIÓN | |
| campo de control | 20230906182242.0 |
| 007 - CAMPO FIJO DE DESCRIPCIÓN FÍSICA--INFORMACIÓN GENERAL | |
| campo de control de longitud fija | t| |
| 008 - DATOS DE LONGITUD FIJA--INFORMACIÓN GENERAL | |
| campo de control de longitud fija | 050727s1953 sp ||||1| spa d |
| 100 1# - ENTRADA PRINCIPAL--NOMBRE DE PERSONA | |
| Nombre de persona | Marshall, Edison. |
| 9 (RLIN) | 77131 |
| 245 10 - MENCIÓN DEL TÍTULO | |
| Título | Shikar y safari |
| Resto del título | : cacerías en la jungla y en el Veldt / |
| Mención de responsabilidad, etc. | Edison Marshall; [versión española de Juan A. G. Larraya]. |
| 260 ## - PUBLICACIÓN, DISTRIBUCIÓN, ETC. | |
| Lugar de publicación, distribución, etc. | Barcelona : |
| Nombre del editor, distribuidor, etc. | Molino-Ponsa, |
| Fecha de publicación, distribución, etc. | 1953. |
| 300 ## - DESCRIPCIÓN FÍSICA | |
| Extensión | 189 p. : |
| Otras características físicas | il. ; |
| Dimensiones | 22 cm. |
| 700 1# - ENTRADA AGREGADA--NOMBRE PERSONAL | |
| Nombre de persona | Larraya, Juan A. G. |
| 9 (RLIN) | 70325 |
| 852 ## - LOCALIZACIÓN | |
| Ubicación | ES-MaACL |
| Número de control de estantería | C-6540 |
| Sublocalización o colección | R.35698 |
| Estatus retirado | Estado de pérdida | Estado de daño | No para préstamo | Biblioteca de origen | Biblioteca actual | Ubicación en estantería | Fecha de adquisición | Fuente de adquisición | Total de préstamos | Signatura topográfica completa | Código de barras | Visto por última vez | Precio de reemplazo | Tipo de ítem Koha |
|---|---|---|---|---|---|---|---|---|---|---|---|---|---|---|
| Biblioteca del Ateneo de Madrid | Biblioteca del Ateneo de Madrid | Sala Palomar | 17/01/2008 | C-6540 | 1102608 | 23/02/2023 | 23/02/2023 | Libro impreso |
